000 00980nam a2200253 a 4500
001 adlib96000001
003 ViArRB
005 200902210153555.7
008 960221s1955 dcuabcdjdbkoqu001 0deng d
020 _a
022 _a
040 _aAdlib
082 _a543.544
245 _aOrganic analysis using gas chromatography/mass spectrometry - A techniques and procedures manual
250 _a
260 _aMichigan
_bAnn Arbor
_c1979
300 _a
_c
500 _a
100 _aBudde, William L
_e
700 _aEichelberger, James W
_a
942 _cBK
653 _aChromatography
_aalanlytical chemistry
_aAnalytical chemistry
_aChemistry
_aSpectroscopy
_aBiochemistry
_aSpectrum analysis
_aAcids
_aBases- chemistry
_aPhysical science
_aScience
_aChemistry
_aSpectroscopy
_aBiochemistry
_aSpectrum analysis
_aAcids
_aBases- chemistry
_aPhysical science
_aScience
952 _w2010-06-16
_p00027914
_r2010-06-16
_40
_00
_bUL
_10
_o543.544 BUD
_d2010-06-16
_70
_yBK
_aUL
999 _c15315
_d15314